000
00491nam a2200169Ia 4500
008
110201s9999 xx 000 0 und d
082
_b
B8191
_a
KS 1217
100
_a
मगदुम वृषाली
245
_a
कोलाज
260
_b
डिंपल पब्लिकेशन
365
_b
125
600
_a
मगदुम वृषाली
630
_a
कोलाज
700
_a
मगदुम वृषाली
730
_a
कोलाज
942
_c
BOOK
999
_c
833681
_d
833678